000 00713nam a2200205Ia 4500
003 GCL
008 140319s9999 xx 000 0 ara d
040 _aGCL /
_cGCL
082 0 4 _a811.009
_bم ت
100 1 _aمحمد ابراهيم ابوسنة
245 1 0 _aتاملات نقدية فى الحديقة الشعرية : قراءات ودراسات /
_cمحمد ابراهيم ابوسنة
260 _a[S.N] :
_bالهيئة المصرية العامة للكتاب ،
_c1989
300 _a189 ص
490 _aدراسات ادبية
_v0
650 0 4 _aالشعر العربى
650 0 4 _aالادب العربى
650 0 4 _aتاريخ ونقد
650 0 4 _aالمجموعات
942 _2ddc
_cBK
999 _c28482
_d28482